| 000 | 01044nam a22002055i 4500 | ||
|---|---|---|---|
| 001 | 154468 | ||
| 003 | ES-MaACL | ||
| 005 | 20230906205737.0 | ||
| 008 | 970828s1868 sp |||| | spa d | ||
| 040 |
_aAR _bspa _cAR |
||
| 100 | 1 |
_aGómez Ranera, Alejandro. _9127702 |
|
| 245 | 1 | 0 |
_aCompendio de Historia de España _b: desde su origen hasta el Reinado de Doña Isabel II y año de 1862 / _cextractado de las obras más acreditadas de autores nacionales y extranjeros ... por Alejandro Gomez Ranera. |
| 250 | _a8ª ed. con adiciones por su mismo autor. | ||
| 260 |
_aMadrid : _bAlejandro Gomez Fuentenebro : _bHernando [etc.] [distribuidor], _c1868. |
||
| 300 |
_a468, 158 p., [1] h. de map. pleg. ; _c22 cm. |
||
| 505 | 8 | _aElementos de Geografía política, estadística y administrativa de España: p. 1-158 | |
| 594 | 1 | _aObra señalada de texto para la segunda enseñanza en los Institutos y Seminarios Conciliares. | |
| 651 | 4 |
_aEspaña- _xHistoria. _98209 |
|
| 852 |
_aES-MaACL _jD-1715 _z-- Enc. hol. _q-- Sólo la segunda secuencia |
||
| 999 |
_c154468 _d154468 |
||